| 000 -LEADER |
| fixed length control field |
00499nam a22001337a 4500 |
| 008 - FIXED-LENGTH DATA ELEMENTS--GENERAL INFORMATION |
| fixed length control field |
201106b ||||| |||| 00| 0 eng d |
| 100 ## - MAIN ENTRY--PERSONAL NAME |
| Personal name |
Bansal, Sharad. |
| 245 ## - TITLE STATEMENT |
| Title |
Taj Mahal hotel vs united India insurance co. ltd: Re-alleging the focus on consumer protection |
| 260 ## - PUBLICATION, DISTRIBUTION, ETC. (IMPRINT) |
| Place of publication, distribution, etc |
International Journal on Consumer Law and practice |
| 300 ## - PHYSICAL DESCRIPTION |
| Extent |
8, 2020: p.118-125 |
| 773 ## - HOST ITEM ENTRY |
| Main entry heading |
International Journal on Consumer Law and practice |
| 906 ## - LOCAL DATA ELEMENT F, LDF (RLIN) |
| Subject DIP |
CONSUMER PROTECTION - INDIA |
| 942 ## - ADDED ENTRY ELEMENTS (KOHA) |
| Item type |
Articles |